| 000 | 00897nam a22003017a 4500 | ||
|---|---|---|---|
| 001 | 0074 | ||
| 003 | DO-SdBNP | ||
| 005 | 20171113120422.0 | ||
| 007 | 0074 | ||
| 008 | 151106b sp 1970 xxu||||| |||| 00| 0 spa d | ||
| 040 |
_aBPMSU _bspa _cBPMSU |
||
| 082 | 4 |
_a813 _bA335m, 1970 |
|
| 100 | 1 | 0 | _aAlcott, Louise May |
| 240 |
_aLittle Women _lspa |
||
| 245 |
_aMujercitas / _cLouise May Alcott ; traducción María Martí García ; ilustración Jaime Juez Castellá |
||
| 250 | _a4a. ed. | ||
| 260 |
_aMadrid : _bBruguera, _c1970. |
||
| 300 |
_a250 p. : _bil., _c20 cm. |
||
| 490 | 1 | 0 | _aHistorias selección ; |
| 490 | 1 | 0 |
_aMujercitas ; _v1 |
| 700 | 1 | 2 |
_aMartí García, María, _d1959- _etr. |
| 700 | 1 | 0 |
_aJuez Castellá, Jaime, _d1959- _eil. |
| 830 | 0 | 0 | _aHistorias selección |
| 830 | 0 | 0 | _aMujercitas ; 1 |
| 942 |
_2ddc _cBK |
||
| 945 | _aInventariado, 2017/MFF | ||
| 956 | _aBrenda Tavárez | ||
| 999 |
_c8591 _d8591 |
||